LEADER 01167nam0 2200325 450 001 000019379 005 20061021023138.0 010 $a3-476-45302-2 100 $a20060921d2002----km-y0itaa50------ba 101 0 $aeng 102 $aDE 200 1 $aGreek and Roman Drama: translation and performance$fJohn Barsby (ed.) 200 1 $a1 $n0006757 210 $aStuttgart ; Weimar$cMetzler$dc2002 215 $a233 p.$d21 cm 225 2 $aDrama$ebeiträge zum antiken drama und seiner rezeption$v12 410 1$12001$aDrama$ebeiträge zum antiken drama und seiner rezeption$v12 606 1 $aDramma 676 $a880$v(21. ed.)$9Letteratura greca classica 702 1$aBarsby,$bJohn 801 0$aIT$bUniversitā della Basilicata - B.I.A.$gRICA$2unimarc 912 $a000019379 996 $aGreek and Roman Drama$9940386 997 $aUNIBAS BAS $aLETTERE CAT $aSTD047$b00$c20060921$lBAS01$h1208 CAT $aMDL$b30$c20061021$lBAS01$h0231 CAT $aBATCH$b00$c20070503$lBAS01$h1735 FMT Z30 -1$lBAS01$LBAS01$mBOOK$1BASA1$APolo Storico-Umanistico$2DID$BDidattica$3FP/104638$6104638$5L104638$820060921$b1$f04$FPrestabile Didattica LEADER 01804nam 2200577Ia 450 001 9910450794103321 005 20200520144314.0 010 $a1-85346-759-6 010 $a0-203-19061-0 010 $a1-280-32836-3 010 $a0-203-13442-7 035 $a(CKB)1000000000413058 035 $a(SSID)ssj0000249526 035 $a(PQKBManifestationID)11203945 035 $a(PQKBTitleCode)TC0000249526 035 $a(PQKBWorkID)10227911 035 $a(PQKB)11423922 035 $a(MiAaPQ)EBC166000 035 $a(Au-PeEL)EBL166000 035 $a(CaPaEBR)ebr10054644 035 $a(CaONFJC)MIL32836 035 $a(OCoLC)49569866 035 $a(EXLCZ)991000000000413058 100 $a19990805d2000 uy 0 101 0 $aeng 135 $aurcn||||||||| 181 $ctxt 182 $cc 183 $acr 200 00$aSpecial needs in the early years$b[electronic resource] $esnapshots of practice /$fedited by Sheila Wolfendale 210 $aLondon ;$aNew York $cRoutledgeFalmer$d2000 215 $axiv, 144 p. $cill 300 $aAt foot of t.p.: OMEP. 311 $a0-415-21388-6 311 $a0-415-21389-4 320 $aIncludes bibliographical references and index. 606 $aChildren with disabilities$xEducation (Preschool)$zGreat Britain 606 $aSpecial education$zGreat Britain 608 $aElectronic books. 615 0$aChildren with disabilities$xEducation (Preschool) 615 0$aSpecial education 676 $a371.9/0472 701 $aWolfendale$b Sheila$f1939-$0965856 712 02$aWorld Organization for Early Childhood Education. 801 0$bMiAaPQ 801 1$bMiAaPQ 801 2$bMiAaPQ 906 $aBOOK 912 $a9910450794103321 996 $aSpecial needs in the early years$92191504 997 $aUNINA